01053nam a2200265 4500003000400000005001700004008004100021020001500062040001800077050001600095100003300111245013900144264006000283300001800343336002200361337002400383338002400407610006000431650007200491651008700563700004800650710006000698942001200758999001700770OSt20260530113903.0260417b1996 mx a|||| |||| 00| 0 spa d a9688105465 aICIbspacICI aF1234bB3531 aJorge Alvarez Fuentes93248210aBandera al viento :bimágenes de la diplomacia mexicana, 1930-1952 /c[investigación y textos Patricia Bravo Fragoso... [y otros.] 1bSecretaría de Relaciones Exteroresc1996a[México]  a191 páginas atexto2rdacontent asin medio2rdamedia avolumen2rdacarrier aMéxico.bSecretaría de Relaciones Exteriores932483 aPolítica mundial vObras ilustradasy1900-1945y1945-1955 932484 0aMéxicoxRelaciones exterioresy1910-1946y1946-1970zPaíses extranjeros932485 1aBravo Fragoso, Patriciaecolaborador932486 1aMéxico.bSecretaría de Relaciones Exteriores932483 2ddccBK c11839d11839